000 00481cam a22001337a 4500
008 180718b2006 xxu||||| |||| 00| 0 eng d
100 _aBogetic Zeljko
245 _aInternational benchmarking of South Africa's infrastructure performance
_cby Zeljko Bogetic and Johannes W. Fedderke
260 _aWashington, D.C.
_bWorld Bank
_c2006
300 _a19p.
440 _aPolicy research working paper; no. 3830
650 _aInfrastructure performance
700 _aFedderke, Johannes W.
999 _c293179
_d293179